[Event "POL-chT 1 Liga 2019"]
[Site "Dzwirzyno"]
[Date "2019.09.08"]
[Round "2.18"]
[White "Cieslak, Wiktoria"]
[Black "Malicka, Maria"]
[Result "1/2-1/2"]
[WhiteElo "2063"]
[BlackElo "2095"]
[Annotator "NA"]
[PlyCount "132"]
[EventDate "2019.09.07"]
[EventType "team-tourn"]
[EventCountry "POL"]
[SourceTitle "playchess.com"]
[Source "ChessBase"]
[SourceQuality "1"]
[TimeControl "40/5400+30:1800+30"]

1. e4 {[%emt 0:01:21]} e5 {[%emt 0:00:00]} 2. Nf3 {[%emt 0:00:23]} Nc6 {[%emt 0:00:00]} 3. Bc4 {[%emt 0:00:07]} Bc5 {[%emt 0:00:00]} 4. c3 {[%emt 0:00:03]} Nf6 {[%emt 0:00:00]} 5. d4 {[%emt 0:00:05]} exd4 {[%emt 0:00:00]} 6. cxd4 {[%emt 0:00:06]} Bb4+ {[%emt 0:00:00]} 7. Nbd2 {[%emt 0:00:10]} Nxe4 {[%emt 0:13:46]} 8. d5 {[%emt 0:00:17]} Ne7 {[%emt 0:04:20]} 9. O-O {[%emt 0:00:27]} Nxd2 {[%emt 0:05:10]} 10. Bxd2 {[%emt 0:00:18]} Bxd2 {[%emt 0:00:16]} 11. d6 {[%emt 0:02:04]} cxd6 {[%emt 0:03:13]} 12. Qxd2 {[%emt 0:01:21]} O-O {[%emt 0:01:27]} 13. Qxd6 {[%emt 0:03:53]} Nf5 {[%emt 0:02:35]} 14. Qf4 {[%emt 0:01:31]} d6 {[%emt 0:04:24]} 15. Rad1 {[%emt 0:02:10]} Be6 {[%emt 0:06:25]} 16. Bd3 {[%emt 0:05:47]} Qf6 {[%emt 0:00:43]} 17. Bxf5 {[%emt 0:05:33]} Qxf5 {[%emt 0:00:09]} 18. Qxf5 {[%emt 0:06:23]} Bxf5 {[%emt 0:00:02]} 19. Rxd6 {[%emt 0:00:07]} Rfd8 {[%emt 0:00:39]} 20. Rfd1 {[%emt 0:00:15]} Rxd6 {[%emt 0:00:11]} 21. Rxd6 {[%emt 0:00:06]} Rc8 {[%emt 0:01:53]} 22. h3 {[%emt 0:00:25]} Kf8 {[%emt 0:05:23]} 23. Nd4 {[%emt 0:02:32]} Be4 {[%emt 0:04:19]} 24. Nb5 {[%emt 0:03:14]} Rc1+ {[%emt 0:05:32]} 25. Kh2 {[%emt 0:00:04]} Rc2 {[%emt 0:00:15]} 26. Nc3 {[%emt 0:03:05]} Bc6 {[%emt 0:06:24]} 27. Nd1 {[%emt 0:01:17]} Ke7 {[%emt 0:00:21]} 28. Rd4 {[%emt 0:00:14]} Ke6 {[%emt 0:02:00]} 29. Kg3 {[%emt 0:02:08]} Ke5 {[%emt 0:00:42]} 30. Rd8 {[%emt 0:01:05]} f5 {[%emt 0:01:56]} 31. Rf8 {[%emt 0:04:43]} g5 {[%emt 0:02:20]} 32. Rxf5+ {[%emt 0:01:15]} Kxf5 {[%emt 0:00:07]} 33. Ne3+ {[%emt 0:00:02]} Ke4 {[%emt 0:00:13]} 34. Nxc2 {[%emt 0:00:05]} Bd7 {[%emt 0:04:47]} 35. Ne1 {[%emt 0:06:04]} Be6 {[%emt 0:04:09]} 36. a3 {[%emt 0:00:32]} a5 {[%emt 0:05:24]} 37. h4 {[%emt 0:03:04]} g4 {[%emt 0:00:45]} 38. h5 {[%emt 0:00:38]} Kf5 {[%emt 0:05:42]} 39. Kh4 {[%emt 0:10:32]} h6 {[%emt 0:07:45]} 40. Nc2 {[%emt 0:00:00]} Kf4 {[%emt 0:00:00]} 41. Ne3 {[%emt 0:13:59]} a4 {[%emt 0:08:40]} 42. Nf1 {[%emt 0:00:47]} Ke4 {[%emt 0:05:20]} 43. Nh2 {[%emt 0:29:57]} Kd3 {[%emt 0:00:22]} 44. Nxg4 {[%emt 0:00:05]} Kc2 {[%emt 0:00:07]} 45. Nxh6 {[%emt 0:00:02]} Kxb2 {[%emt 0:00:08]} 46. f4 {[%emt 0:00:01]} Kxa3 {[%emt 0:00:54]} 47. f5 {[%emt 0:00:02]} Bd5 {[%emt 0:02:02]} 48. f6 {[%emt 0:00:06]} Kb3 {[%emt 0:04:35]} 49. f7 {[%emt 0:00:03]} Bxf7 {[%emt 0:00:02]} 50. Nxf7 {[%emt 0:00:03]} a3 {[%emt 0:00:04]} 51. h6 {[%emt 0:00:05]} a2 {[%emt 0:00:02]} 52. h7 {[%emt 0:00:05]} a1=Q {[%emt 0:00:05]} 53. h8=Q {[%emt 0:00:06]} Qh1+ {[%emt 0:00:32]} 54. Kg3 {[%emt 0:00:16]} Qxh8 {[%emt 0:14:26]} 55. Nxh8 {[%emt 0:00:08]} b5 {[%emt 0:00:02]} 56. Kf4 {[%emt 0:02:01]} b4 {[%emt 0:00:11]} 57. g4 {[%emt 0:01:07]} Kc3 {[%emt 0:00:36]} 58. g5 {[%emt 0:00:21]} b3 {[%emt 0:00:03]} 59. g6 {[%emt 0:00:07]} b2 {[%emt 0:00:02]} 60. g7 {[%emt 0:00:05]} b1=Q {[%emt 0:00:04]} 61. g8=Q {[%emt 0:00:07]} Qf1+ {[%emt 0:01:18]} 62. Ke5 {[%emt 0:00:17]} Qe2+ {[%emt 0:00:11]} 63. Kf6 {[%emt 0:00:19]} Qf2+ {[%emt 0:00:48]} 64. Kg7 {[%emt 0:00:18]} Qd4+ {[%emt 0:00:04]} 65. Kh7 {[%emt 0:00:21]} Qh4+ {[%emt 0:00:05]} 66. Kg7 {[%emt 0:00:30]} Qd4+ {[%emt 0:00:03]} 1/2-1/2

[Event "POL-chT 1 Liga 2019"]
[Site "Dzwirzyno"]
[Date "2019.09.08"]
[Round "2.19"]
[White "Kolago, Marcin"]
[Black "Antoniewski, Rafal"]
[Result "1/2-1/2"]
[WhiteElo "2340"]
[BlackElo "2497"]
[Annotator "ChessBase"]
[PlyCount "81"]
[EventDate "2019.09.07"]
[EventType "team-tourn"]
[EventCountry "POL"]
[SourceTitle "playchess.com"]
[Source "ChessBase"]
[SourceQuality "1"]
[TimeControl "40/5400+30:1800+30"]

1. e4 {[%emt 0:00:00]} c6 {[%emt 0:00:05]} 2. d4 {[%emt 0:00:00]} d5 {[%emt 0:00:06]} 3. Nd2 {[%emt 0:00:09]} dxe4 {[%emt 0:00:37]} 4. Nxe4 {[%emt 0:00:04]} Nf6 {[%emt 0:02:10]} 5. Nxf6+ {[%emt 0:02:58]} exf6 {[%emt 0:00:18]} 6. Nf3 {[%emt 0:01:39]} Bd6 {[%emt 0:00:53]} 7. Be2 {[%emt 0:01:37]} O-O {[%emt 0:00:07]} 8. O-O {[%emt 0:00:08]} Re8 {[%emt 0:01:33]} 9. Re1 {[%emt 0:01:27]} Nd7 {[%emt 0:01:45]} 10. Bd3 {[%emt 0:02:37]} Rxe1+ {[%emt 0:02:33]} 11. Qxe1 {[%emt 0:00:12]} Nf8 {[%emt 0:00:27]} 12. Bd2 {[%emt 0:09:52]} Bg4 {[%emt 0:06:13]} 13. Qe4 {[%emt 0:04:26]} Bxf3 {[%emt 0:06:45]} 14. Qxf3 {[%emt 0:00:14]} Qb6 {[%emt 0:00:07]} 15. Bc3 {[%emt 0:02:34]} Re8 {[%emt 0:00:16]} 16. d5 {[%emt 0:02:42]} cxd5 {[%emt 0:26:44]} 17. Qxd5 {[%emt 0:00:17]} Bc5 {[%emt 0:00:36]} 18. Rf1 {[%emt 0:01:15]} Rd8 {[%emt 0:00:28]} 19. Qf5 {[%emt 0:02:40]} Bb4 {[%emt 0:01:13]} 20. Bxb4 {[%emt 0:04:23]} Qxb4 {[%emt 0:00:07]} 21. Rb1 {[%emt 0:02:09]} b6 {[%emt 0:06:25]} 22. h3 {[%emt 0:02:19]} Qd4 {[%emt 0:02:14]} 23. Qe4 {[%emt 0:01:09]} Qxe4 {[%emt 0:03:51]} 24. Bxe4 {[%emt 0:00:01]} Ne6 {[%emt 0:00:10]} 25. Kf1 {[%emt 0:05:30]} g6 {[%emt 0:05:51]} 26. Bf3 {[%emt 0:05:05]} Rd2 {[%emt 0:07:00]} 27. Bd1 {[%emt 0:04:51]} Nf4 {[%emt 0:00:37]} 28. Ke1 {[%emt 0:00:25]} Rd5 {[%emt 0:01:35]} 29. Bf3 {[%emt 0:02:30]} Rg5 {[%emt 0:00:59]} 30. Kf1 {[%emt 0:01:17]} Rc5 {[%emt 0:00:21]} 31. c3 {[%emt 0:01:35]} Kf8 {[%emt 0:00:14]} 32. Rd1 {[%emt 0:02:30]} Ke7 {[%emt 0:00:06]} 33. Rd4 {[%emt 0:00:55]} Ne6 {[%emt 0:00:39]} 34. Rd5 {[%emt 0:06:10]} Rc7 {[%emt 0:01:06]} 35. g3 {[%emt 0:01:17]} Nc5 {[%emt 0:01:10]} 36. Rd4 {[%emt 0:02:34]} f5 {[%emt 0:00:50]} 37. Ke2 {[%emt 0:03:26]} Ne6 {[%emt 0:00:22]} 38. Rd5 {[%emt 0:01:59]} h5 {[%emt 0:04:00]} 39. Kd2 {[%emt 0:04:30]} Kf6 {[%emt 0:11:06]} 40. h4 {[%emt 0:00:00]} f4 {[%emt 0:00:00]} 41. b4 {[%emt 0:11:07]} 1/2-1/2

[Event "POL-chT 1 Liga 2019"]
[Site "Dzwirzyno"]
[Date "2019.09.08"]
[Round "2.20"]
[White "Cyborowski, Lukasz"]
[Black "Zezulkin, Jurij"]
[Result "1-0"]
[WhiteElo "2509"]
[BlackElo "2434"]
[Annotator "TA"]
[PlyCount "139"]
[EventDate "2019.09.07"]
[EventType "team-tourn"]
[EventCountry "POL"]
[SourceTitle "playchess.com"]
[Source "ChessBase"]
[SourceQuality "1"]

{[%evp 18,139,37,29,31,23,22,13,19,16,7,4,23,22,22,24,24,24,28,25,25,4,24,0,0,0,0,0,0,0,0,0,0,0,11,9,21,21,36,0,167,177,172,150,131,107,275,145,187,187,187,148,163,183,231,114,114,114,114,114,140,121,120,114,151,114,322,252,276,295,510,510,491,491,442,405,724,271,643,579,594,579,585,546,1553,1533,1410,1392,1377,1181,1313,1277,1148,239,1119,1142,1420,1365,1669,1010,29975,29976,29976,29977,29977,5285,5085,0,29977,29978,29973,2171,29974,29975,29982,29983,29983,29984,29986,29987,29987,29988,29989,29989]} 1. e4 c5 2. Nf3 Nc6 3. Bb5 g6 4. Bxc6 bxc6 5. O-O Bg7 6. Re1 Nh6 7. c3 O-O 8. d4 cxd4 9. cxd4 d6 10. h3 f6 {B31: Sicilian: 2...Nc6 3 Bb5 g6} 11. Nbd2 (11. Qc2 Bd7 12. Be3 Nf7 13. Nbd2 Qa5 14. b3 Rac8 15. Rac1 Qb5 16. a4 Qb7 17. Qd3 d5 18. Rc5 {½-½ (49) Jumabayev,R (2605)-Atabayev,M (2505) Batumi 2018}) 11... Nf7 12. Qc2 Bd7 {The position is equal.} 13. b3 Rc8 14. Bb2 c5 $146 ({Predecessor:} 14... Qa5 15. Bc3 Qh5 16. e5 fxe5 17. dxe5 Qf5 18. Qxf5 Bxf5 {½-½ (38) Smith,B (2448)-Panjwani,R (2422) Arlington 2013}) 15. d5 Ne5 16. Nxe5 fxe5 17. Nc4 Bh6 18. Bc1 Bxc1 19. Raxc1 a5 20. Qd2 a4 21. bxa4 Bxa4 22. Rb1 {Threatens to win with Nb6.} Rb8 23. f3 Qc7 24. Kh2 Rb5 25. Qg5 Rb4 26. Rec1 {Rxb4 is the strong threat.} Rfb8 27. Rxb4 Rxb4 28. Ne3 (28. a3 $5 {[%cal Ra3b4]} Rb3 29. h4 $11) 28... Kh8 $2 (28... Qd8 $11 {and Black is okay.}) 29. Ng4 $18 Qd8 {[#]} 30. Rxc5 $1 {[%mdl 512] Strongly threatening Nh6!} Bd7 {aiming for ...Bxg4.} ({Stronger than} 30... dxc5 31. Qxe5+ Kg8 32. Nh6+ Kf8 33. Qh8#) 31. Rc2 Rb1 $2 (31... Ra4 $16 32. Rb2 Bxg4) 32. Ne3 (32. Nh6 $1 $18 {[%cal Rh6f7] White threatens Nf7+ and mate.} Kg7 33. f4) 32... Ba4 33. Rc3 Bd7 34. Rb3 Rxb3 35. axb3 Kg7 36. h4 (36. Nf5+ $1 $18 {has better winning chances.} Bxf5 37. exf5) 36... h6 $16 37. Qg3 Qf8 38. b4 Kh7 39. Qe1 Qb8 40. Qc3 Qb6 41. Kg3 g5 $2 (41... Qd8 $16 {is a better defense.} 42. Ng4 Qf8) 42. Qd2 Kg6 {[#]} 43. Nf5 $1 Bxf5 $2 (43... Qg1 44. hxg5 (44. Nxe7+ Kf6 $16) 44... hxg5 45. Nxe7+ Kf6) 44. exf5+ $18 {[%mdl 4096] Endgame KQ-KQ} Kf7 45. hxg5 hxg5 46. Kg4 Qb8 (46... Qg1 $142 47. b5 (47. Kxg5 Qb1 $16) 47... Qc5) 47. g3 $2 (47. Qxg5 Qb5 48. Qg6+ Kf8 49. Qh6+ Ke8 50. f6 Qc4+ 51. Kh5 exf6 52. Qg6+ Ke7 53. Qg7+ Kd8 54. Qxf6+ {[%mdl 64] Double Attack} Kc7 55. Qe7+ Kc8 56. Qxd6) 47... Ke8 $2 (47... Qb5 48. Kxg5 Qc4) 48. Kxg5 Kd7 49. g4 Qh8 50. b5 Ke8 {[#] intending ...Kf7.} 51. Kg6 $1 Qg8+ 52. Kh5 Qf7+ 53. Kh4 Qh7+ 54. Kg3 Qh1 55. Qf2 $2 (55. Qe3 {Black must now prevent g5.} Qb1 56. b6) 55... Qd1 $2 (55... Qb1 56. b6 Kf8) 56. b6 Qb3 57. Kh4 Kf7 58. Kg5 Qb1 59. Qh2 Qxb6 60. Qh5+ Kf8 61. Qh8+ (61. Kg6 $142 Ke8 62. g5 Kd8 63. Qh8+ Kd7 64. Kf7 Qc5 65. Qe8+ {[%mdl 64] Double Attack} Kc7 66. Kxe7) 61... Kf7 62. Qh5+ (62. Qh7+ $18 Ke8 63. Qg8+ Kd7 64. Qe6+ Kd8 65. f6 exf6+ 66. Kxf6) 62... Kf8 63. Kg6 {[%cal Rh5h8]} Ke8 64. Qh8+ Kd7 65. Kf7 {White mates.} Qc5 66. Qe8+ {[%mdl 64] Double Attack} Kc7 67. Kxe7 Kb6 {[#]} 68. Qc6+ $1 {[%mdl 64] Promotion} Qxc6 69. dxc6 d5 70. f6 {Accuracy: White = 60%, Black = 44%.} 1-0

[Event "POL-chT 1 Liga 2019"]
[Site "Dzwirzyno"]
[Date "2019.09.08"]
[Round "2.20"]
[White "Zylka, Stanislaw"]
[Black "Barski, Radoslaw"]
[Result "*"]
[WhiteElo "2338"]
[BlackElo "2425"]
[Annotator "TA"]
[PlyCount "34"]
[EventDate "2019.09.07"]
[EventType "team-tourn"]
[EventCountry "POL"]
[SourceTitle "playchess.com"]
[Source "ChessBase"]
[SourceQuality "1"]

{[%evp 10,11,22,14]} 1. e4 c5 2. Nf3 Nc6 3. Bb5 g6 4. Bxc6 bxc6 5. O-O Bg7 6. Re1 {Predecessor:} Nh6 $146 7. c3 O-O 8. d4 cxd4 9. cxd4 d5 10. e5 f6 11. e6 Qd6 12. Qe2 c5 13. Nc3 Nf5 14. Nb5 Qb6 15. dxc5 Qxc5 16. Bf4 Ba6 17. a4 Qb4 {½-½ (59) Anand,V (2764)-Dubov,D (2700) Paris 2019} *

[Event "POL-chT 1 Liga 2019"]
[Site "Dzwirzyno"]
[Date "2019.09.08"]
[Round "2.21"]
[White "Rawicz, Karol"]
[Black "Nurkiewicz, Maciej"]
[Result "0-1"]
[WhiteElo "2200"]
[BlackElo "2334"]
[Annotator "TA"]
[PlyCount "112"]
[EventDate "2019.09.07"]
[EventType "team-tourn"]
[EventCountry "POL"]
[SourceTitle "playchess.com"]
[Source "ChessBase"]
[SourceQuality "1"]

{[%evp 17,178,12,27,27,27,16,19,30,30,23,30,29,13,-7,0,-5,-2,-8,-10,-12,-4,-24,-20,-25,0,-26,-10,-27,-27,-86,-52,-72,-47,-59,-22,-23,-13,-70,-67,-85,-66,-77,-70,-70,-64,-78,-83,-69,-68,-68,-68,-74,-74,-77,-77,-81,-86,-99,-17,-14,0,0,0,0,0,-11,-7,-7,0,-8,0,-24,0,0,0,0,0,-84,-24,-24,-23,-24,-24,-69,-24,-69,-69,-70,-8,-61,-61,-104,-104,-104,-104,-104,-104,-104,-104,-104,-104,-104,-104,-104,-104,-104,-104,-104,-37,-37,-8,-8,-8,-8,-8,-8,-8,-8,-8,-8,-7,-592,-588,-29967,-29968,-29969,-29970,-29970,-29971,-29971,-29971,-29972,-29973,-29974,-29975,-29975,-29976,-29977,-29977,-29977,-29978,-29978,-29979,-29979,-29980,-29980,-29981,-29981,-29982,-29981,-29982,-29985,-29986,-29988,-29989,-29989,-29990,-29990,-29991,-29992,-29993,-29998,-29999]} 1. Nf3 d5 2. d4 Nf6 3. c4 dxc4 4. e3 e6 5. Bxc4 a6 6. O-O c5 7. dxc5 Qxd1 8. Rxd1 Bxc5 9. Nbd2 b6 10. Be2 {D27: Queen's Gambit Accepted: Classical main line: 7 e4!? and 7 a4} Nbd7 (10... Bb7 11. Nc4 Nbd7 12. Nce5 Nxe5 13. Nxe5 O-O 14. b3 Rfd8 15. Bb2 Kf8 16. Bf3 Bxf3 17. Nxf3 Ke8 18. Kf1 Rxd1+ 19. Rxd1 a5 {½-½ (48) Indjic,A (2604)-Edouard,R (2646) Porto Carras 2018}) 11. a3 Bb7 12. b4 {The position is equal.} Be7 13. Bb2 Rc8 14. Nc4 Bd5 $146 ({Predecessor:} 14... O-O 15. Nd6 Rc2 16. Bxf6 Bxf6 17. Rac1 Rxe2 18. Nxb7 Ne5 19. Nxe5 Bxe5 20. g3 Bb2 21. Rc6 Bxa3 22. Rxb6 Rb2 23. Rd4 e5 {½-½ (24) Kolanek,R (2042)-Migliorini,R (1657) LSS email 2012}) 15. Nfd2 b5 16. Ne5 Rc2 17. Bd4 Nxe5 18. Bxe5 Nd7 $36 {[%mdl 2048] Black is more active.} 19. Bg3 O-O 20. e4 Bb7 21. Bd3 Rc3 22. Nb1 (22. Bf1 $5 {[%cal Rd2b1]} Bf6 23. a4 $11) 22... Rcc8 23. Kf1 (23. f3 $11) 23... Rfd8 24. Ke2 Nb6 25. Ra2 Na4 26. Rc2 Bf6 27. e5 (27. f3 $11) 27... Bg5 $15 28. f3 Bd5 {And now ...Bb3 would win.} 29. f4 $1 {Black must now prevent Rxc8.} Be7 30. Rdc1 Rxc2+ 31. Bxc2 Nb2 32. Nd2 Bxg2 33. Rb1 Nc4 34. Nxc4 bxc4 35. a4 Rb8 36. b5 axb5 37. axb5 Bc5 (37... Bb7 $17 38. Be1 Ra8) 38. Bf2 $11 Bxf2 (38... Bf8 {feels hotter.} 39. b6 Ra8 40. Kd2 Bd5 41. Rb5 Bc6) 39. Kxf2 {[%mdl 4096] Endgame KRB-KRB} Bd5 40. Ke3 Kf8 41. Be4 Bxe4 42. Kxe4 {KR-KR} Rd8 43. b6 {Hoping for b7.} Ke7 44. Rc1 ({Much worse is} 44. b7 Rb8 $15) 44... Rb8 (44... Rc8 {is more complex.} 45. h4 Kd7 46. b7 Rb8 47. h5 Rxb7 48. Rxc4 Ra7) 45. Rxc4 {Threatens to win with Rc7+.} Rxb6 46. Rc7+ Ke8 47. Kf3 (47. Rc8+ $1 $11 {remains equal.} Kd7 48. Rg8) 47... Rb3+ (47... h5 $17) 48. Kg4 Rd3 49. Ra7 h6 50. Ra8+ Ke7 51. Ra7+ Rd7 52. Ra8 f6 (52... Rd8 $15 53. Ra3 g6) 53. exf6+ (53. h4 $11) 53... Kxf6 $15 54. Rf8+ Kg6 55. Re8 Kf7 56. Ra8 Rd5 {Played: Rd7-d4} 0-1

[Event "POL-chT 1 Liga 2019"]
[Site "Dzwirzyno"]
[Date "2019.09.08"]
[Round "2.22"]
[White "Bartel, Michal"]
[Black "Jaroch, Karol"]
[Result "1/2-1/2"]
[WhiteElo "2291"]
[BlackElo "2236"]
[Annotator "NA"]
[PlyCount "108"]
[EventDate "2019.09.07"]
[EventType "team-tourn"]
[EventCountry "POL"]
[SourceTitle "playchess.com"]
[Source "ChessBase"]
[SourceQuality "1"]
[TimeControl "40/5400+30:1800+30"]

1. d4 {[%emt 0:00:00]} d5 {[%emt 0:00:00]} 2. Nf3 {[%emt 0:00:00]} Nf6 {[%emt 0:00:05]} 3. Bf4 {[%emt 0:00:00]} e6 {[%emt 0:01:49]} 4. e3 {[%emt 0:00:00]} Be7 {[%emt 0:00:13]} 5. Bd3 {[%emt 0:01:36]} c5 {[%emt 0:02:00]} 6. c3 O-O {[%emt 0:00:11]} 7. Ne5 {[%emt 0:01:20]} Nc6 {[%emt 0:01:29]} 8. Nd2 {[%emt 0:00:48]} Nxe5 {[%emt 0:07:14]} 9. dxe5 {[%emt 0:04:57]} Nd7 {[%emt 0:00:35]} 10. Qh5 {[%emt 0:03:44]} f5 11. h4 {[%emt 0:01:45]} Rf7 {[%emt 0:06:18]} 12. Nf3 {[%emt 0:08:16]} c4 {[%emt 0:12:53]} 13. Bc2 {[%emt 0:02:02]} Qb6 {[%emt 0:06:35]} 14. Rb1 {[%emt 0:07:23]} Nc5 {[%emt 0:03:46]} 15. O-O {[%emt 0:05:15]} Qa6 {[%emt 0:02:20]} 16. Ra1 {[%emt 0:08:21]} Bd7 {[%emt 0:05:06]} 17. Nd4 {[%emt 0:06:18]} g6 {[%emt 0:06:57]} 18. Qh6 {[%emt 0:01:11]} Qb6 {[%emt 0:00:50]} 19. b3 {[%emt 0:04:35]} cxb3 {[%emt 0:10:34]} 20. axb3 {[%emt 0:00:07]} Rc8 {[%emt 0:00:18]} 21. c4 {[%emt 0:05:13]} dxc4 {[%emt 0:00:20]} 22. bxc4 {[%emt 0:00:05]} a6 {[%emt 0:01:08]} 23. f3 {[%emt 0:08:30]} Qd8 {[%emt 0:02:47]} 24. Bg5 {[%emt 0:00:25]} Bf8 {[%emt 0:00:07]} 25. Bxd8 {[%emt 0:00:20]} Bxh6 {[%emt 0:00:04]} 26. Bg5 {[%emt 0:00:11]} Bg7 {[%emt 0:00:04]} 27. Bf4 {[%emt 0:00:12]} b5 {[%emt 0:06:29]} 28. cxb5 {[%emt 0:01:48]} Bxb5 {[%emt 0:00:07]} 29. Rfb1 {[%emt 0:01:07]} Rb7 {[%emt 0:02:48]} 30. Bg3 {[%emt 0:00:47]} Kf7 {[%emt 0:02:42]} 31. f4 {[%emt 0:02:10]} Rcb8 {[%emt 0:00:07]} 32. Be1 {[%emt 0:01:32]} Bf8 {[%emt 0:13:14]} 33. Rd1 {[%emt 0:02:17]} Be7 {[%emt 0:00:56]} 34. Rac1 {[%emt 0:04:39]} Be8 {[%emt 0:03:04]} 35. Kh2 {[%emt 0:02:04]} h6 {[%emt 0:00:05]} 36. Kh3 {[%emt 0:00:22]} g5 {[%emt 0:00:13]} 37. hxg5 {[%emt 0:01:41]} hxg5 {[%emt 0:00:02]} 38. g4 {[%emt 0:00:24]} fxg4+ {[%emt 0:02:50]} 39. Kxg4 {[%emt 0:00:05]} gxf4 {[%emt 0:00:51]} 40. exf4 {[%emt 0:00:00]} Ba4 {[%emt 0:00:00]} 41. Bxa4 {[%emt 0:09:20]} Nxa4 {[%emt 0:01:42]} 42. f5 {[%emt 0:00:36]} Rg8+ {[%emt 0:01:06]} 43. Kf3 {[%emt 0:00:22]} exf5 {[%emt 0:00:29]} 44. e6+ {[%emt 0:01:39]} Kg6 {[%emt 0:01:07]} 45. Bd2 {[%emt 0:00:42]} Kf6 {[%emt 0:00:59]} 46. Rh1 {[%emt 0:05:53]} Bc5 {[%emt 0:04:32]} 47. Rh6+ {[%emt 0:05:03]} Rg6 {[%emt 0:05:14]} 48. Rxg6+ {[%emt 0:00:56]} Kxg6 {[%emt 0:00:01]} 49. Rg1+ {[%emt 0:00:48]} Kf6 {[%emt 0:00:15]} 50. Bg5+ {[%emt 0:00:20]} Ke5 {[%emt 0:01:27]} 51. Nc6+ {[%emt 0:10:29]} Kd6 {[%emt 0:00:17]} 52. e7 {[%emt 0:00:03]} Rxe7 {[%emt 0:00:07]} 53. Bxe7+ {[%emt 0:01:05]} Kxc6 {[%emt 0:00:07]} 54. Bxc5 {[%emt 0:00:44]} Nxc5 {[%emt 0:00:15] Ke4} 1/2-1/2

[Event "POL-chT 1 Liga 2019"]
[Site "Dzwirzyno"]
[Date "2019.09.08"]
[Round "2.23"]
[White "Samborski, Henryk"]
[Black "Sliwerski, Radoslaw"]
[Result "1/2-1/2"]
[WhiteElo "2098"]
[BlackElo "2078"]
[Annotator "NA"]
[PlyCount "67"]
[EventDate "2019.09.07"]
[EventType "team-tourn"]
[EventCountry "POL"]
[SourceTitle "playchess.com"]
[Source "ChessBase"]
[SourceQuality "1"]
[TimeControl "40/5400+30:1800+30"]

1. e4 {[%emt 0:00:00]} c5 {[%emt 0:00:00]} 2. Nf3 {[%emt 0:00:07]} d6 {[%emt 0:00:00]} 3. d4 {[%emt 0:00:08]} cxd4 {[%emt 0:00:00]} 4. Nxd4 {[%emt 0:00:09]} Nf6 {[%emt 0:00:18]} 5. Nc3 {[%emt 0:00:07]} a6 {[%emt 0:00:13]} 6. Bg5 {[%emt 0:00:18]} e6 {[%emt 0:00:10]} 7. f4 {[%emt 0:01:10]} Be7 {[%emt 0:00:02]} 8. Qe2 {[%emt 0:01:41]} h6 {[%emt 0:02:14]} 9. Bxf6 {[%emt 0:17:43]} Bxf6 {[%emt 0:00:07]} 10. O-O-O {[%emt 0:00:24]} Nd7 {[%emt 0:04:57]} 11. e5 {[%emt 0:13:42]} dxe5 {[%emt 0:01:17]} 12. Nxe6 {[%emt 0:00:36]} fxe6 {[%emt 0:01:42]} 13. Qh5+ {[%emt 0:01:15]} Kf8 {[%emt 0:03:51]} 14. fxe5 {[%emt 0:08:42]} Qa5 {[%emt 0:03:00]} 15. Bb5 {[%emt 0:08:05]} axb5 {[%emt 0:04:31]} 16. exf6 {[%emt 0:06:27]} b4 {[%emt 0:04:26]} 17. Nb5 {[%emt 0:05:46]} Nxf6 {[%emt 0:03:38]} 18. Rhf1 {[%emt 0:01:33]} Ke7 {[%emt 0:05:34]} 19. Qg6 {[%emt 0:13:58]} Rf8 {[%emt 0:03:17]} 20. Qxg7+ {[%emt 0:00:16]} Rf7 {[%emt 0:00:49]} 21. Qg3 {[%emt 0:00:07]} Ra6 {[%emt 0:14:27]} 22. Nd6 {[%emt 0:02:33]} Rxd6 {[%emt 0:00:12]} 23. Qxd6+ {[%emt 0:00:05]} Ke8 {[%emt 0:00:06]} 24. Rfe1 {[%emt 0:07:45]} Re7 {[%emt 0:05:09]} 25. Kb1 {[%emt 0:04:52]} Nd5 {[%emt 0:02:58]} 26. Re5 {[%emt 0:01:08]} Qd8 {[%emt 0:03:44]} 27. Rexd5 {[%emt 0:02:18]} exd5 {[%emt 0:01:39]} 28. Qg6+ {[%emt 0:00:08]} Rf7 {[%emt 0:01:42]} 29. Re1+ {[%emt 0:02:06]} Kf8 {[%emt 0:01:40]} 30. Qxh6+ {[%emt 0:00:03]} Kg8 {[%emt 0:00:50]} 31. Qg6+ {[%emt 0:00:21]} Kf8 {[%emt 0:00:02]} 32. Qh6+ {[%emt 0:00:13]} Kg8 {[%emt 0:00:19]} 33. Qg6+ {[%emt 0:00:49]} Kf8 {[%emt 0:00:02]} 34. Qh6+ {[%emt 0:00:15]} 1/2-1/2

[Event "POL-chT 1 Liga 2019"]
[Site "Dzwirzyno"]
[Date "2019.09.08"]
[Round "2.24"]
[White "Kulon, Klaudia"]
[Black "Worek, Joanna"]
[Result "1/2-1/2"]
[WhiteElo "2339"]
[BlackElo "2308"]
[Annotator "TA"]
[PlyCount "80"]
[EventDate "2019.09.07"]
[EventType "team-tourn"]
[EventCountry "POL"]
[SourceTitle "playchess.com"]
[Source "ChessBase"]
[SourceQuality "1"]

{[%evp 15,80,4,7,0,0,-1,37,31,35,-2,8,-12,9,9,29,8,1,-10,5,-41,5,12,56,-2,-4,-25,-23,-18,-27,-19,-25,-25,-11,-113,-82,-116,-109,-116,-98,-105,-105,-232,-115,-100,-103,-174,-160,-168,-116,-117,-100,-120,-110,-167,-93,-256,-50,-241,-256,-249,-300,-417,-314,-535,-514,-466,-41]} 1. e4 c5 2. Nc3 Nc6 3. g3 g6 4. Bg2 Bg7 5. d3 d6 6. Be3 Nf6 7. h3 O-O 8. Nge2 Rb8 9. Qd2 {B26: Closed Sicilian: 3 g3, lines with early Be3} b5 10. O-O Ba6 $146 ({Predecessor:} 10... b4 11. Nd1 e5 12. a3 a5 13. axb4 axb4 14. Bh6 Bxh6 15. Qxh6 Nd4 16. Nxd4 cxd4 17. Qd2 Qb6 18. Kh2 Kg7 19. f4 {0-1 (83) Artemiev,V (2704)-Kovalev,V (2650) Poikovsky 2018}) 11. a3 {White is slightly better.} Nd7 12. Nd1 Nd4 13. Nc1 Nb6 14. c3 Ne6 15. f4 f5 16. Re1 Qd7 17. Bf2 Nc7 18. b4 Na4 19. bxc5 (19. Nb3 $1 $14) 19... dxc5 $11 20. e5 Bb7 21. Bxb7 Rxb7 22. Nb2 Nxb2 23. Qxb2 Ne6 24. a4 (24. Qa2 $11) 24... g5 $17 ({Don't play} 24... bxa4 25. Qa2 $11) 25. Be3 gxf4 26. gxf4 b4 ({But not} 26... bxa4 27. Qa2 $15) 27. c4 Kh8 28. Qd2 {[#]} (28. Kh2 $17 {keeps fighting.}) 28... Nxf4 $1 {[%mdl 512]} 29. Bxf4 Qd4+ {[%mdl 64] Double Attack} 30. Kh2 {Strongly threatening Nb3.} Qxa1 31. Nb3 Qxa4 (31... Qa3 $19 32. Nxc5 Rbb8) 32. Nxc5 Qc6 33. Nxb7 Qxb7 34. d4 b3 ({Better is} 34... a5 $19 {White must now prevent ...b3.} 35. Qg2 Qxg2+ 36. Kxg2 a4) 35. Rg1 $2 (35. d5 $17) 35... Rc8 $2 ({Black should try} 35... Rg8 $19 {Hoping for ...a5!} 36. Bg5 a5 $1 {[%mdl 512]}) 36. Qd3 $2 ({White should play} 36. Bh6 $15 Rg8 37. Bxg7+ Rxg7 38. Rxg7 Kxg7 39. Qg5+ Kh8 40. Qxf5) 36... e6 $19 37. d5 {[#]} exd5 $1 38. Qxd5 Qc7 39. Rc1 $2 (39. Rd1) 39... b2 40. Rb1 Qxc4 $2 {Accuracy: White = 26%, Black = 47%.} (40... Rd8 $19 41. Qb5 Rb8) 1/2-1/2